| 000 | 01501nam a2200229Ia 4500 | ||
|---|---|---|---|
| 003 | Ost | ||
| 005 | 20260507075610.0 | ||
| 008 | 260507s9999||||xx |||||||||||||| ||und|| | ||
| 020 | _a9789961015292 | ||
| 040 | _cfsecg | ||
| 041 | _aara | ||
| 082 | _a332 | ||
| 100 |
_aخليل، عبد القادر _eمؤلف |
||
| 245 | 0 |
_aمبادئ الإقتصاد النقدي والمصرفي : _bإضاءات حول الجهاز المصرفي والسياسات النقدية في تحاليل نظرية ومقاربات كمية / _c عبد القادر خليل |
|
| 250 | _aطبعة 2 | ||
| 260 |
_aالجزائر: _bديوان المطبوعات الجامعية, _c2014 |
||
| 300 |
_a294 صفحة؛ _bإيضاحات ؛ _c22 سم |
||
| 504 | _aالمراجع ص.277 | ||
| 520 | _aتناول هذا الكتاب مبادئ الاقتصاد النقدي والمصرفي، حيث تناول من خلال فصوله إضاءات حول الجهاز المالي والمصرفي ، والخزينة العمومية والبنك المركزي ، بالإضافة الى المؤسسات المصرفية والمالية الأخرى "بنوك تجارية، بنوك استثمار، بنوك متخصصة " والسياسات النقدية والمالية، واختتم الكتاب من خلال تحليل نظري وكمي لفعالية السياسة النقدية والمالية، باستخدام نموذج IS_LM | ||
| 653 | _aالإقتصاد النقدي | ||
| 942 | _cكتاب | ||
| 999 |
_c45063 _d45063 |
||